000
00347nam a2200145Ia 4500
008
230718s9999 xx 000 0 und d
041
_a
Eng.
082
_a
346.003
_b
AMI-P
100
_a
Amin, Yeah. Michammer
245
0
_a
Port Restriction Lowes
260
_a
Pakistan
_b
Law book publikes
_c
2003
300
_a
253
650
_a
Law
999
_c
28932
_d
28932